000
00248nam a2200097Ia 4500
001
644951
005
20250826153614.0
008
250824s9999 xx 000 0 und d
245
0
_a
Ölümsüz Ece Gökkuş Diz
_c
Gülten Dayıoğlu
260
_b
ALTIN
999
_c
644951
_d
644951